[Event "Grand Pacifc op"]
[Site "Victoria CAN"]
[Date "2022.04.17"]
[Round "6.1"]
[White "Doknjas, John"]
[Black "Haessel, Dave"]
[Result "1-0"]
[WhiteElo "2314"]
[BlackElo "2238"]
[PlyCount "35"]
[EventDate "2022.04.15"]
[EventType "swiss"]
[EventRounds "6"]
[EventCountry "CAN"]

1. e4 e5 2. Nf3 Nc6 3. Bc4 Nf6 4. Ng5 d5 5. exd5 Na5 6. Bb5+ c6 7. dxc6 bxc6 8.
Bd3 Nd5 9. h4 Nf4 10. Bf1 h6 11. Nf3 Bd6 12. d3 Bg4 13. g3 Bb4+ 14. c3 Qd5 15.
Nbd2 Nxd3+ 16. Bxd3 Qxd3 17. cxb4 e4 18. Ne5 1-0

[Event "Grand Pacifc op"]
[Site "Victoria CAN"]
[Date "2022.04.17"]
[Round "6.2"]
[White "Javidfard, Amirsalar"]
[Black "Hempstapat, Andrew"]
[Result "1-0"]
[WhiteElo "2197"]
[BlackElo "2245"]
[PlyCount "115"]
[EventDate "2022.04.15"]
[EventType "swiss"]
[EventRounds "6"]
[EventCountry "CAN"]

1. d4 Nf6 2. c4 g6 3. Nc3 Bg7 4. e4 d6 5. f3 O-O 6. Be3 c5 7. Nge2 Nc6 8. Qd2
cxd4 9. Nxd4 Nxd4 10. Bxd4 Be6 11. Rc1 Nd7 12. Be3 Qa5 13. Be2 Rfc8 14. b3 Qd8
15. O-O a5 16. Bd3 Nc5 17. Bb1 Bd7 18. Nd5 b5 19. cxb5 Bxb5 20. Rfd1 Rab8 21.
Qf2 Nd7 22. Qh4 Nf6 23. Bg5 Nxd5 24. exd5 Qb6+ 25. Kh1 f6 26. Bd2 Bd7 27. Qe1
Qd4 28. Bc3 Qa7 29. Qxe7 Rxc3 30. Rxc3 Re8 31. Qxd6 f5 32. Qc5 Qb8 33. Re3 Rc8
34. Qxa5 Qf4 35. Qe1 Bf8 36. d6 Rc6 37. g3 Qg5 38. Red3 Qf6 39. b4 h5 40. b5
Rc8 41. a4 h4 42. gxh4 Kh7 43. Re3 Rd8 44. Re7+ Bg7 45. h5 Bc8 46. hxg6+ Kh6
47. Rf7 Qg5 48. Qf2 Be6 49. Rg1 Qh5 50. Rxg7 Kxg7 51. Qd4+ Kg8 52. Qf4 Rxd6 53.
g7 Qh3 54. Qg3 Qh5 55. a5 Bd5 56. Rg2 Qxf3 57. Qxf3 Bxf3 58. Ba2+ 1-0

[Event "Grand Pacifc op"]
[Site "Victoria CAN"]
[Date "2022.04.17"]
[Round "6.3"]
[White "Huang, Patrick"]
[Black "Doknjas, Neil"]
[Result "0-1"]
[WhiteElo "2240"]
[BlackElo "2241"]
[PlyCount "100"]
[EventDate "2022.04.15"]
[EventType "swiss"]
[EventRounds "6"]
[EventCountry "CAN"]

1. d4 d5 2. Bf4 c5 3. e3 Nc6 4. Nf3 cxd4 5. exd4 Bf5 6. c3 Nf6 7. Nbd2 e6 8.
Qb3 Qc8 9. Nh4 Bg6 10. Nxg6 hxg6 11. h3 Be7 12. Bd3 a6 13. a4 O-O 14. O-O Nd7
15. Nf3 Na5 16. Qc2 Qc6 17. Rfc1 Bd6 18. Bg5 Rfe8 19. h4 Nf8 20. Ne5 Qc7 21. b4
Nc6 22. Nxc6 bxc6 23. b5 axb5 24. axb5 c5 25. dxc5 Bxc5 26. Ra6 e5 27. Rca1
Rxa6 28. bxa6 Ne6 29. Qa4 Ra8 30. Bb5 Ba7 31. Bd7 Qxc3 32. Bxe6 fxe6 33. Rc1
Qb2 34. Qc6 Rf8 35. Qxe6+ Kh7 36. h5 Rf6 37. hxg6+ Kxg6 38. Qg4 Qxf2+ 39. Kh1
Qf5 40. Qxf5+ Rxf5 41. Rc7 Bf2 42. g4 Rxg5 43. Kg2 Bd4 44. Kh3 e4 45. Re7 Kf6
46. a7 Bxa7 47. Rxa7 e3 48. Kg3 e2 49. Ra1 Re5 50. Kf4 e1=Q 0-1

[Event "Grand Pacifc op"]
[Site "Victoria CAN"]
[Date "2022.04.17"]
[Round "6.4"]
[White "Tolentino, Patrick"]
[Black "Xu, Andrew"]
[Result "1/2-1/2"]
[WhiteElo "2204"]
[BlackElo "1810"]
[PlyCount "79"]
[EventDate "2022.04.15"]
[EventType "swiss"]
[EventRounds "6"]
[EventCountry "CAN"]

1. e4 e5 2. Nf3 Nc6 3. Bb5 a6 4. Ba4 Nf6 5. O-O Be7 6. Re1 b5 7. Bb3 d6 8. c3
O-O 9. h3 Bb7 10. d4 h6 11. Nbd2 Re8 12. Nf1 Bf8 13. Ng3 g6 14. Bc2 Bg7 15. b3
d5 16. dxe5 Nxe5 17. Nxe5 Rxe5 18. f4 Re7 19. e5 Ne4 20. Nxe4 dxe4 21. Qxd8+
Rxd8 22. Be3 f6 23. Bc5 Re6 24. Bxe4 Bxe4 25. Rxe4 g5 26. fxg5 hxg5 27. Rf1 Rd5
28. Be3 Rdxe5 29. Rxe5 Rxe5 30. Bd4 Re6 31. Rf5 Kf7 32. Kf2 c6 33. g4 Bf8 34.
a4 Be7 35. Be3 Kg6 36. Kf3 Bd6 37. c4 Be5 38. Kf2 bxc4 39. bxc4 Bc3 40. Kf3
1/2-1/2

[Event "Grand Pacifc op"]
[Site "Victoria CAN"]
[Date "2022.04.17"]
[Round "6.5"]
[White "Lin, Leo"]
[Black "Landre, Geraldo Barbosa"]
[Result "1-0"]
[WhiteElo "2083"]
[BlackElo "1810"]
[PlyCount "59"]
[EventDate "2022.04.15"]
[EventType "swiss"]
[EventRounds "6"]
[EventCountry "CAN"]

1. e4 e6 2. Nc3 d5 3. Nf3 dxe4 4. Nxe4 Bd7 5. d4 Bc6 6. Bd3 Bxe4 7. Bxe4 c6 8.
O-O Nf6 9. Bd3 Be7 10. c4 Nbd7 11. a3 O-O 12. b4 a5 13. Bd2 axb4 14. axb4 Rxa1
15. Qxa1 Qa8 16. Qb2 b6 17. Ra1 Qb7 18. Qa2 b5 19. c5 Nb8 20. Qa7 Qxa7 21. Rxa7
Nd5 22. Be4 Bf6 23. g4 g6 24. Bxd5 cxd5 25. Rc7 Rd8 26. g5 Bg7 27. Kf1 Rf8 28.
Bc3 h6 29. gxh6 Bxh6 30. Ne5 1-0

[Event "Grand Pacifc op"]
[Site "Victoria CAN"]
[Date "2022.04.17"]
[Round "6.6"]
[White "Patterson, Roger"]
[Black "Bian, Erin"]
[Result "1-0"]
[WhiteElo "2056"]
[BlackElo "1938"]
[Annotator "roger"]
[PlyCount "137"]
[EventDate "2022.04.15"]
[EventType "swiss"]
[EventRounds "6"]
[EventCountry "CAN"]

1. c4 e5 2. Nc3 Bb4 3. g3 Bxc3 4. dxc3 d6 5. Bg2 Nc6 6. e4 Nge7 7. Nf3 f6 8.
Nd2 Be6 9. Qe2 Qd7 10. Nf1 f5 11. Ne3 fxe4 12. Bxe4 O-O-O 13. Nd5 Rdf8 14. Be3
Kb8 15. O-O-O Bf5 16. f3 Rf7 17. Rd2 Rhf8 18. Rhd1 Bxe4 19. fxe4 Nxd5 20. Rxd5
Qe6 21. c5 Ne7 22. R5d2 Nc8 23. cxd6 cxd6 24. Kb1 Qh3 25. Bg1 {(=)} Rf1 26. Kc2
a6 27. c4 Rxd1 28. Rxd1 Qe6 29. Rf1 Rf6 30. b3 Qf7 31. Rxf6 Qxf6 32. Qf2 Qg6
33. Qf5 Qxf5 34. exf5 Kc7 35. Kd3 Ne7 36. g4 Kc6 37. Ke4 b5 38. h4 bxc4 39.
bxc4 Ng8 40. g5 h6 41. Be3 hxg5 42. hxg5 Kd7 43. Bc1 Ne7 44. Ba3 Nc6 45. c5
dxc5 46. Bxc5 Ke8 47. Kd5 Kd7 48. g6 Nd8 49. Bf8 e4 50. Bxg7 e3 51. Bc3 Ke7 52.
f6+ Kf8 53. a4 e2 54. Kd6 Nb7+ 55. Kc6 Nd8+ 56. Kd7 Nb7 57. Bb4+ Kg8 58. f7+
Kg7 59. f8=Q+ Kxg6 60. Qe8+ Kf6 61. Qxe2 a5 62. Qf3+ Kg6 63. Qxb7 axb4 64. Qxb4
Kf6 65. Qf4+ Kg6 66. Ke7 Kg7 67. Qg5+ Kh8 68. Kf7 Kh7 69. Qg7# 1-0

[Event "Grand Pacifc op"]
[Site "Victoria CAN"]
[Date "2022.04.17"]
[Round "6.7"]
[White "Forde, Stephen"]
[Black "Taylor, Tristan"]
[Result "0-1"]
[WhiteElo "1805"]
[BlackElo "1999"]
[PlyCount "46"]
[EventDate "2022.04.15"]
[EventType "swiss"]
[EventRounds "6"]
[EventCountry "CAN"]

1. e4 e6 2. d4 d5 3. exd5 exd5 4. Nf3 Nf6 5. Bd3 c5 6. O-O c4 7. Be2 Bd6 8. b3
cxb3 9. Bb5+ Nc6 10. Re1+ Be7 11. cxb3 Bg4 12. Ba3 Ne4 13. Bxe7 Qxe7 14. Bxc6+
bxc6 15. Re3 O-O 16. Qc2 Qb4 17. Nbd2 Rae8 18. a3 Qb6 19. b4 Bf5 20. Rae1 Bg6
21. Nb3 Re6 22. Ne5 Nd6 23. Qxc6 Rxe5 0-1

[Event "Grand Pacifc op"]
[Site "Victoria CAN"]
[Date "2022.04.17"]
[Round "6.8"]
[White "Wang, Jerry"]
[Black "Ledezma, Hernan"]
[Result "1-0"]
[WhiteElo "1882"]
[BlackElo "1920"]
[PlyCount "147"]
[EventDate "2022.04.15"]
[EventType "swiss"]
[EventRounds "6"]
[EventCountry "CAN"]

1. c4 d6 2. d4 e5 3. dxe5 dxe5 4. Qxd8+ Kxd8 5. Nf3 f6 6. Nc3 Be6 7. e3 Nd7 8.
Bd2 c6 9. Be2 Kc7 10. Rc1 Rd8 11. O-O Kb8 12. Rfd1 g5 13. Be1 Be7 14. Rb1 f5
15. b4 g4 16. Nd2 Ngf6 17. b5 c5 18. e4 h5 19. Nd5 Bxd5 20. exd5 Rdg8 21. Nf1
Ne4 22. Rb3 Nd6 23. Nd2 h4 24. Bf1 e4 25. Kh1 Bf6 26. h3 Bd4 27. Nb1 Rh7 28.
Kh2 gxh3 29. Rxh3 Ne5 30. f3 exf3 31. gxf3 Ndxc4 32. Bd2 Ne3 33. Re1 f4 34. Nc3
Rg3 35. Be2 Rxh3+ 36. Kxh3 Rg7 37. Ne4 Nxd5 38. a4 Rg1 39. Kxh4 Rxe1 40. Bxe1
Be3 41. Kg5 Kc7 42. Kf5 Nd7 43. Ke6 N5b6 44. a5 Na4 45. Kd5 b6 46. a6 c4 47.
Bxc4 Nac5 48. Nxc5 Nxc5 49. Bc3 Nd7 50. Bf1 Bc5 51. Bh3 Nf8 52. Be5+ Kd8 53.
Bxf4 Ng6 54. Bd6 Bxd6 55. Kxd6 Nf4 56. Bf5 Ne2 57. Bd7 Nf4 58. Bf5 Ne2 59. Be4
Nd4 60. Bc6 Nf5+ 61. Ke5 Ne7 62. Be4 Kc7 63. f4 Nc8 64. Ke6 Nd6 65. Bc6 Nc4 66.
f5 Na5 67. f6 Nxc6 68. bxc6 Kxc6 69. f7 Kb5 70. f8=Q Kxa6 71. Qb4 b5 72. Kd6
Kb6 73. Qc5+ Ka5 74. Kc6 1-0

[Event "Grand Pacifc op"]
[Site "Victoria CAN"]
[Date "2022.04.17"]
[Round "6.9"]
[White "Wu, Nathan"]
[Black "Offengenden, Ron"]
[Result "0-1"]
[WhiteElo "2054"]
[BlackElo "1749"]
[PlyCount "62"]
[EventDate "2022.04.15"]
[EventType "swiss"]
[EventRounds "6"]
[EventCountry "CAN"]

1. d4 d5 2. Bf4 Nf6 3. e3 e6 4. Nd2 Bd6 5. Bg3 b6 6. Ngf3 Bb7 7. Bd3 c5 8. c3
a6 9. Ne5 Nc6 10. f4 Ne7 11. Qf3 b5 12. f5 Qc7 13. O-O c4 14. Bc2 Nc6 15. fxe6
fxe6 16. Ng4 O-O-O 17. Bxd6 Qxd6 18. e4 e5 19. Nxf6 gxf6 20. exd5 Ne7 21. dxe5
fxe5 22. Rad1 Nxd5 23. Rfe1 Rdg8 24. Be4 Rf8 25. Qh3+ Kb8 26. Nf1 Qc5+ 27. Ne3
Nf4 28. Qh4 Bxe4 29. g3 Rhg8 30. Rd7 Rg5 31. Qh6 Rh5 0-1

[Event "Grand Pacifc op"]
[Site "Victoria CAN"]
[Date "2022.04.17"]
[Round "6.10"]
[White "Dave, Bhavik"]
[Black "Bacon, Craig"]
[Result "1-0"]
[WhiteElo "1981"]
[BlackElo "1887"]
[Annotator "roger"]
[PlyCount "44"]
[EventDate "2022.04.15"]
[EventType "swiss"]
[EventRounds "6"]
[EventCountry "CAN"]

1. d4 Nf6 2. Nf3 g6 3. g3 Bg7 4. Bg2 O-O 5. O-O d5 6. b3 c5 7. Bb2 cxd4 8. Bxd4
Nc6 9. Bb2 Re8 10. Na3 e5 11. Nd2 e4 12. e3 Bg4 13. Qe1 Ne5 14. h3 Nf3+ 15.
Nxf3 Bxf3 16. Nb5 Bxg2 17. Kxg2 a6 18. Nd4 Nd7 19. Qb4 b5 20. Rad1 Qg5 21. Qd6
Ne5 22. Ne2 Qh5 {(time)} 1-0

[Event "Grand Pacific op"]
[Site "Victoria CAN"]
[Date "2022.04.15"]
[Round "1.3"]
[White "Doknjas, Neil"]
[Black "Yang, Jingyun (Ryan)"]
[Result "1-0"]
[WhiteElo "2241"]
[BlackElo "1930"]
[PlyCount "97"]
[EventDate "2022.04.15"]
[EventType "swiss"]
[EventRounds "6"]
[EventCountry "CAN"]

1. e4 e5 2. Nc3 Nf6 3. g3 Bc5 4. Bg2 Nc6 5. Nf3 d6 6. d3 h6 7. O-O O-O 8. Na4
Bb6 9. Nxb6 axb6 10. Ne1 Bg4 11. f3 Be6 12. f4 Bg4 13. Qd2 exf4 14. Rxf4 Qd7
15. Qc3 Ne5 16. Rf1 Ra5 17. b4 Ra7 18. Bxh6 Nxe4 19. Bxe4 gxh6 20. Ng2 f5 21.
Bd5+ Kh7 22. Nf4 c6 23. Bg2 Qf7 24. h3 Bh5 25. d4 Nd7 26. Rae1 Raa8 27. Nxh5
Qxh5 28. Re7+ Rf7 29. Bf3 Qg6 30. Be4 Kg8 31. Rxd7 Rxd7 32. Bxf5 Qg7 33. Be6+
Kh8 34. Bxd7 Qxd7 35. Rf6 d5 36. Qe3 Kg8 37. Qxh6 Qg7 38. Rg6 Qxg6 39. Qxg6+
Kh8 40. h4 Rxa2 41. h5 Ra1+ 42. Kh2 Ra8 43. Qf6+ Kh7 44. Qf7+ Kh8 45. g4 Rg8
46. g5 c5 47. g6 Rxg6 48. hxg6 c4 49. Qf8# 1-0

[Event "Grand Pacific op"]
[Site "Victoria CAN"]
[Date "2022.04.16"]
[Round "2.4"]
[White "Huang, Patrick"]
[Black "Jiang, Kate"]
[Result "1-0"]
[WhiteElo "2240"]
[BlackElo "1964"]
[PlyCount "141"]
[EventDate "2022.04.15"]
[EventType "swiss"]
[EventRounds "6"]
[EventCountry "CAN"]

1. d4 d5 2. Bf4 Nf6 3. e3 c5 4. c3 Nc6 5. Nd2 Bf5 6. Ngf3 e6 7. Qb3 Qb6 8. Qxb6
axb6 9. Bb5 Rc8 10. Ne5 Nd7 11. Nxc6 bxc6 12. Ba6 Rd8 13. Bb7 Nb8 14. Bxb8 Rxb8
15. Bxc6+ Kd8 16. Bb5 c4 17. O-O Rc8 18. a4 Bd6 19. Rfc1 Bg6 20. f3 f5 21. f4
Be8 22. Bxe8 Rxe8 23. a5 Rb8 24. axb6 Rxb6 25. Ra8+ Kd7 26. Rxe8 Kxe8 27. Rb1
h6 28. b3 cxb3 29. Rxb3 Rxb3 30. Nxb3 Ba3 31. Kf2 g5 32. fxg5 hxg5 33. h3 Bb2
34. Nc5 Ke7 35. Na4 Bc1 36. Ke2 f4 37. exf4 Bxf4 38. Nc5 Kf6 39. Kd3 Bg3 40. c4
dxc4+ 41. Kxc4 Kf5 42. Kd3 Bf4 43. Ne4 Bc7 44. g4+ Kg6 45. Kc4 Bb6 46. Nc5 Kf7
47. Kb5 Ba7 48. Kc6 Ke7 49. Kb7 e5 50. Kxa7 exd4 51. Kb6 Kd6 52. Nd3 Kd5 53.
Kb5 Ke4 54. Kc4 Ke3 55. Nc5 d3 56. Nxd3 Ke4 57. Nc5+ Kf3 58. Kd5 Kg3 59. Ke5
Kxh3 60. Kf5 Kh4 61. Nd7 Kh3 62. Kxg5 Kg3 63. Kf5 Kh4 64. g5 Kh5 65. Nf6+ Kh4
66. g6 Kh3 67. g7 Kh4 68. g8=Q Kh3 69. Ne4 Kh2 70. Qg3+ Kh1 71. Nf2# 1-0

[Event "Grand Pacific op"]
[Site "Victoria CAN"]
[Date "2022.04.16"]
[Round "2.5"]
[White "Bian, Erin"]
[Black "Haessel, Dale"]
[Result "1-0"]
[WhiteElo "1938"]
[BlackElo "2238"]
[PlyCount "91"]
[EventDate "2022.04.15"]
[EventType "swiss"]
[EventRounds "6"]
[EventCountry "CAN"]

1. e4 e5 2. Nf3 Nc6 3. Bb5 Nf6 4. d3 Bc5 5. Bxc6 dxc6 6. Nbd2 Bd6 7. Nc4 Nd7 8.
Qe2 f6 9. Bd2 c5 10. O-O-O Nf8 11. c3 Ne6 12. Be3 b5 13. Nxd6+ cxd6 14. d4 cxd4
15. cxd4 Qa5 16. Kb1 O-O 17. Qd2 Qxd2 18. Rxd2 Bb7 19. d5 Nc7 20. Rc1 Ne8 21.
g4 Bc8 22. Rg1 Kf7 23. Ne1 h5 24. gxh5 f5 25. f4 Nf6 26. fxe5 dxe5 27. Nf3 Ng4
28. Bc5 Rh8 29. h3 Nf6 30. Nxe5+ Kg8 31. Rdg2 Nxh5 32. Ng6 Rh7 33. e5 Bb7 34.
Rd2 f4 35. Rf1 Ng3 36. Rxf4 Rxh3 37. e6 Kh7 38. Ne5 Rh1+ 39. Kc2 Rc8 40. b4 Rh5
41. Nc6 Bxc6 42. dxc6 Rxc6 43. e7 Re6 44. Rf8 Rhe5 45. Rh2+ Kg6 46. Rg2 1-0

[Event "Grand Pacific op"]
[Site "Victoria CAN"]
[Date "2022.04.16"]
[Round "2.6"]
[White "Tolentino, Patrick Angelo"]
[Black "Landre, Geraldo Barbosa"]
[Result "1/2-1/2"]
[WhiteElo "2204"]
[BlackElo "1810"]
[PlyCount "57"]
[EventDate "2022.04.15"]
[EventType "swiss"]
[EventRounds "6"]
[EventCountry "CAN"]

1. e4 e6 2. d4 d5 3. Nc3 dxe4 4. Nxe4 Bd7 5. Nf3 Bc6 6. Bd3 Bxe4 7. Bxe4 c6 8.
O-O Nf6 9. Bd3 Be7 10. a4 O-O 11. c3 Qc7 12. Qe2 Nbd7 13. g3 Bd6 14. Re1 c5 15.
dxc5 Nxc5 16. Bc2 Rac8 17. Ne5 Ncd7 18. Nxd7 Qxd7 19. Rd1 Qc6 20. Bg5 Be7 21.
Bxf6 Bxf6 22. Be4 Qc7 23. Qb5 Rfd8 24. Bxb7 Rb8 25. Rxd8+ Rxd8 26. a5 g6 27.
Bf3 Rb8 28. Qe2 Qc5 29. Kg2 1/2-1/2

[Event "Grand Pacific op"]
[Site "Victoria CAN"]
[Date "2022.04.16"]
[Round "2.7"]
[White "Forde, Stephen"]
[Black "Javidfard, Amirsalar"]
[Result "0-1"]
[WhiteElo "1805"]
[BlackElo "2197"]
[PlyCount "74"]
[EventDate "2022.04.15"]
[EventType "swiss"]
[EventRounds "6"]
[EventCountry "CAN"]

1. e4 c5 2. Nc3 Nc6 3. f4 g6 4. Nf3 Bg7 5. Bb5 Nd4 6. O-O Nxb5 7. Nxb5 d6 8. d3
Nf6 9. Qe1 O-O 10. Qh4 a6 11. Nc3 b5 12. h3 b4 13. Ne2 e6 14. g4 Nd7 15. Qg3 f5
16. gxf5 exf5 17. exf5 Rxf5 18. a3 bxa3 19. Rxa3 Nf6 20. d4 Rh5 21. Ng5 h6 22.
Qg2 Bf5 23. Ng3 hxg5 24. Nxh5 Nxh5 25. fxg5 Bxd4+ 26. Be3 Be5 27. h4 Ng3 28.
Qd5+ Kg7 29. Bxc5 Nxf1 30. Kxf1 Qg8 31. Qb7+ Kh8 32. Bf2 Qc4+ 33. Kg1 Qg4+ 34.
Kf1 Rf8 35. Qe7 Qd1+ 36. Kg2 Be4+ 37. Kh3 Qh1+ 0-1

[Event "Grand Pacific op"]
[Site "Victoria CAN"]
[Date "2022.04.16"]
[Round "2.8"]
[White "Dave, Bhavik"]
[Black "Wu, Nathan"]
[Result "1-0"]
[WhiteElo "1981"]
[BlackElo "2054"]
[PlyCount "49"]
[EventDate "2022.04.15"]
[EventType "swiss"]
[EventRounds "6"]
[EventCountry "CAN"]

1. d4 d5 2. c4 dxc4 3. e3 a6 4. a4 e6 5. Nf3 Nf6 6. Qc2 c5 7. Bxc4 Nc6 8. O-O
cxd4 9. Rd1 Be7 10. exd4 Nb4 11. Qb3 Nbd5 12. Nc3 O-O 13. Ne5 Nxc3 14. bxc3 Nd5
15. Rb1 Qa5 16. Bd2 Bf6 17. Ng4 Rd8 18. Be2 Qc7 19. c4 Ne7 20. Nxf6+ gxf6 21.
Qf3 Nf5 22. Bd3 Rxd4 23. Bxf5 exf5 24. Bh6 Rh4 25. Qg3+ 1-0

[Event "Grand Pacific op"]
[Site "Victoria CAN"]
[Date "2022.04.16"]
[Round "3.1"]
[White "Doknjas, John"]
[Black "Javidfard, Amirsalar"]
[Result "0-1"]
[WhiteElo "2314"]
[BlackElo "2197"]
[PlyCount "122"]
[EventDate "2022.04.15"]
[EventType "swiss"]
[EventRounds "6"]
[EventCountry "CAN"]

1. e4 c5 2. Nf3 e6 3. d4 cxd4 4. Nxd4 a6 5. c4 Nf6 6. Nc3 Bb4 7. Qd3 Nc6 8.
Nxc6 dxc6 9. Qxd8+ Kxd8 10. e5 Ne4 11. a3 Bxc3+ 12. bxc3 Nc5 13. Bg5+ Ke8 14.
O-O-O Nd7 15. f4 f6 16. Bh4 a5 17. Be2 a4 18. Rd6 Ke7 19. Rhd1 Ra5 20. g4 h6
21. Kb2 g5 22. exf6+ Nxf6 23. Bg3 gxf4 24. Bxf4 e5 25. g5 Ng4 26. Bg3 hxg5 27.
Rg6 Ne3 28. Rd2 Be6 29. Rxg5 Kf6 30. h4 Bxc4 31. Bf2 Rb5+ 32. Kc1 Rb3 33. Bxe3
Rxc3+ 34. Kd1 Bb3+ 35. Ke1 Rxe3 36. Kf2 Rh3 37. Rd6+ Ke7 38. Rdg6 R8xh4 39.
Rxe5+ Kf7 40. Rd6 Bd5 41. Rd7+ Kf6 42. Re8 Rh2+ 43. Ke1 b6 44. Re3 R4h3 45.
Rde7 Rxe3 46. Rxe3 Kf5 47. Kd1 Kf4 48. Rc3 b5 49. Bd3 Ke5 50. Bc2 Rf2 51. Kc1
Rf3 52. Rxf3 Bxf3 53. Kb2 Kd4 54. Bg6 c5 55. Be8 Be2 56. Kc2 Bd3+ 57. Kd2 c4
58. Kc1 c3 59. Bd7 b4 60. Bxa4 bxa3 61. Bb3 Bc4 0-1

[Event "Grand Pacific op"]
[Site "Victoria CAN"]
[Date "2022.04.16"]
[Round "3.2"]
[White "Doknjas, Neil"]
[Black "Bian, Erin"]
[Result "1-0"]
[WhiteElo "2241"]
[BlackElo "1938"]
[PlyCount "105"]
[EventDate "2022.04.15"]
[EventType "swiss"]
[EventRounds "6"]
[EventCountry "CAN"]

1. e4 e5 2. Nf3 Nc6 3. d4 exd4 4. Nxd4 Bc5 5. Be3 Qf6 6. c3 Nge7 7. Bc4 Ne5 8.
Bb3 Qg6 9. O-O d5 10. Bf4 Bh3 11. Bg3 h5 12. gxh3 h4 13. exd5 hxg3 14. fxg3
O-O-O 15. Qe2 f6 16. Kh1 Rxh3 17. d6 Rh5 18. Bc2 Qh6 19. dxe7 Rh8 20. Rf2 Qc1+
21. Bd1 Bxe7 22. Qd2 Qxd2 23. Nxd2 R5h7 24. Bb3 Bc5 25. Be6+ Kb8 26. Raf1 Nd3
27. Re2 Nxb2 28. N2b3 Bxd4 29. cxd4 Na4 30. Bf5 Rh6 31. Rfe1 a6 32. Re8+ Ka7
33. Rxh8 Rxh8 34. Re7 Nb6 35. Rxc7 Nd5 36. Rd7 Nb6 37. Rxg7 Rd8 38. Be4 Re8 39.
Rxb7+ Ka8 40. Re7+ Kb8 41. Rxe8+ Kc7 42. Nc5 a5 43. Re7+ Kd8 44. Rb7 Nc4 45.
Ne6+ Kc8 46. Rc7+ Kb8 47. Rxc4 f5 48. d5 a4 49. d6 fxe4 50. d7 Ka7 51. d8=Q Ka6
52. Rb4 Ka7 53. Qa5# 1-0

[Event "Grand Pacific op"]
[Site "Victoria CAN"]
[Date "2022.04.16"]
[Round "3.3"]
[White "Lin, Leo"]
[Black "Huang, Patrick"]
[Result "1-0"]
[WhiteElo "2083"]
[BlackElo "2240"]
[PlyCount "62"]
[EventDate "2022.04.15"]
[EventType "swiss"]
[EventRounds "6"]
[EventCountry "CAN"]

1. e4 g6 2. d4 Bg7 3. Nc3 d6 4. Be3 a6 5. Qd2 b5 6. O-O-O Bb7 7. f3 Nd7 8. h4
h6 9. Bd3 Rc8 10. d5 c5 11. dxc6 Rxc6 12. Nge2 Nc5 13. Kb1 Nf6 14. e5 Nfd7 15.
Nd4 Rb6 16. e6 Ne5 17. exf7+ Kxf7 18. h5 Nexd3 19. hxg6+ Kxg6 20. cxd3 b4 21.
Ne4 b3 22. a3 e5 23. Ne2 Rc6 24. Bxc5 dxc5 25. f4 c4 26. Qe3 Qb6 27. Qf3 Rf8
28. dxc4 Rxc4 29. Rd6+ Kh7 30. Ng5+ Kg8 31. Qd3 e4 1-0

[Event "Grand Pacific op"]
[Site "Victoria CAN"]
[Date "2022.04.16"]
[Round "3.5"]
[White "Landre, Geraldo Barbosa"]
[Black "Dave, Bhavik"]
[Result "1/2-1/2"]
[WhiteElo "1810"]
[BlackElo "1981"]
[PlyCount "114"]
[EventDate "2022.04.15"]
[EventType "swiss"]
[EventRounds "6"]
[EventCountry "CAN"]

1. d4 d5 2. c4 c6 3. cxd5 cxd5 4. Nf3 Nf6 5. Nc3 Nc6 6. Bf4 a6 7. Ne5 e6 8. e3
Bd6 9. Bd3 O-O 10. O-O Bxe5 11. Bxe5 Nxe5 12. dxe5 Nd7 13. f4 b5 14. Ne2 f6 15.
Qc1 f5 16. Nd4 Nb6 17. Qc6 Bd7 18. Qd6 Re8 19. b3 Nc8 20. Qa3 Qb6 21. Rac1 Na7
22. Qc5 Qxc5 23. Rxc5 Rac8 24. Rfc1 Rxc5 25. Rxc5 Rc8 26. Rxc8+ Bxc8 27. b4 Kf7
28. Bc2 Ke7 29. g4 g6 30. gxf5 gxf5 31. Kf2 Bd7 32. a3 Nc8 33. Nb3 Nb6 34. Nc5
Bc8 35. a4 bxa4 36. Bxa4 Nxa4 37. Nxa4 Kd8 38. Kg3 Kc7 39. Kh4 Kc6 40. Nc3 a5
41. bxa5 Kc5 42. Kg3 Kb4 43. Ne2 Kxa5 44. Nd4 Kb4 45. Nf3 h6 46. Nh4 Bd7 47.
Ng6 Be8 48. Ne7 Bf7 49. Kf2 Kc5 50. Ke2 d4 51. Nc8 Be8 52. Nd6 Bg6 53. Kd3 dxe3
54. Kxe3 Kd5 55. Nb5 Kc6 56. Nd6 Kd5 57. Nc8 Bf7 1/2-1/2

[Event "Grand Pacific op"]
[Site "Victoria CAN"]
[Date "2022.04.16"]
[Round "3.9"]
[White "Offengenden, Ron"]
[Black "Taylor, Tristan"]
[Result "0-1"]
[WhiteElo "1749"]
[BlackElo "1999"]
[PlyCount "78"]
[EventDate "2022.04.15"]
[EventType "swiss"]
[EventRounds "6"]
[EventCountry "CAN"]

1. c3 d5 2. d4 Nf6 3. Nf3 c5 4. Bf4 Nc6 5. e3 Qb6 6. Qb3 c4 7. Qxb6 axb6 8.
Nbd2 Bf5 9. Be2 h6 10. Ne5 e6 11. O-O Be7 12. b4 b5 13. a3 Nd7 14. Nxd7 Kxd7
15. f3 g5 16. Bg3 Bg6 17. e4 f5 18. exd5 exd5 19. f4 g4 20. h3 h5 21. h4 Bf6
22. Bf2 Rhe8 23. Rfe1 g3 24. Bxg3 Re3 25. Bf2 Rxc3 26. Nb1 Rc2 27. Bd1 Rxf2 28.
Kxf2 Bxd4+ 29. Kf1 Bxa1 30. Bf3 d4 31. Nd2 Bc3 32. Nxc4 bxc4 33. Re2 Rxa3 34.
b5 Ra1+ 35. Kf2 d3 36. bxc6+ bxc6 37. Bxc6+ Kxc6 38. Re6+ Kc5 39. g4 d2 0-1

[Event "Grand Pacific op"]
[Site "Victoria CAN"]
[Date "2022.04.16"]
[Round "3.10"]
[White "Jiang, Kate"]
[Black "Bacon, Craig"]
[Result "1-0"]
[WhiteElo "1964"]
[BlackElo "1887"]
[PlyCount "63"]
[EventDate "2022.04.15"]
[EventType "swiss"]
[EventRounds "6"]
[EventCountry "CAN"]

1. e4 d6 2. d4 Nf6 3. Bd3 e5 4. c3 g6 5. Nf3 Bg4 6. Nbd2 Bg7 7. h3 Bxf3 8. Nxf3
Nbd7 9. O-O c6 10. Be3 O-O 11. Nd2 d5 12. f4 exd4 13. Bxd4 Nxe4 14. Bxg7 Kxg7
15. Bxe4 Qb6+ 16. Kh1 dxe4 17. Nxe4 Rad8 18. Qc2 f5 19. Ng5 Rfe8 20. Rae1 Nf8
21. g4 h6 22. Nf3 Qc5 23. c4 fxg4 24. hxg4 Re7 25. f5 gxf5 26. gxf5 Rxe1 27.
Rxe1 Rd7 28. Ne5 Rd6 29. Qg2+ Kh8 30. Nf7+ Kh7 31. Nxd6 Qxd6 32. Rg1 1-0

[Event "Grand Pacific op"]
[Site "Victoria CAN"]
[Date "2022.04.17"]
[Round "4.4"]
[White "Huang, Patrick"]
[Black "Bian, Erin"]
[Result "1/2-1/2"]
[WhiteElo "2240"]
[BlackElo "1938"]
[PlyCount "75"]
[EventDate "2022.04.15"]
[EventType "swiss"]
[EventRounds "6"]
[EventCountry "CAN"]

1. d4 Nf6 2. Bf4 e6 3. e3 c5 4. c3 Nc6 5. Nd2 d5 6. Ngf3 Bd6 7. Bg3 O-O 8. Bd3
b6 9. Qe2 Bb7 10. Rd1 h6 11. e4 Bxg3 12. hxg3 cxd4 13. e5 dxc3 14. bxc3 Nd7 15.
Qe3 f5 16. exf6 Qxf6 17. g4 Nce5 18. g5 Qf4 19. Bc2 Qxe3+ 20. fxe3 Ng4 21. Nf1
Ba6 22. Rd4 Nde5 23. Nxe5 Nxe5 24. gxh6 Rxf1+ 25. Rxf1 Bxf1 26. Kxf1 gxh6 27.
e4 Nc6 28. Rd1 Ne7 29. Bb3 Rc8 30. exd5 Nxd5 31. Bxd5 exd5 32. Rxd5 Rxc3 33.
Rd8+ Kg7 34. Rd7+ Kg6 35. Rxa7 Rc2 36. a4 Ra2 37. Ra6 Kg5 38. Rxb6 1/2-1/2

[Event "Grand Pacific op"]
[Site "Victoria CAN"]
[Date "2022.04.17"]
[Round "4.5"]
[White "Jiang, Kate"]
[Black "Haessel, Dale"]
[Result "0-1"]
[WhiteElo "1964"]
[BlackElo "2238"]
[PlyCount "148"]
[EventDate "2022.04.15"]
[EventType "swiss"]
[EventRounds "6"]
[EventCountry "CAN"]

1. e4 e5 2. Nf3 Nc6 3. Bb5 a6 4. Ba4 Nf6 5. O-O Be7 6. Re1 b5 7. Bb3 O-O 8. h3
Bb7 9. c3 d5 10. d3 dxe4 11. dxe4 Na5 12. Qxd8 Raxd8 13. Bc2 c5 14. Nbd2 Nc6
15. Nf1 c4 16. Ne3 g6 17. a4 Rfe8 18. Nf1 Nd7 19. Ne3 Nf6 20. Nh2 Kg7 21. Nhg4
Nd4 22. Nxf6 Bxf6 23. axb5 Nxc2 24. Nxc2 axb5 25. Ra5 Bc6 26. Ra6 Re6 27. Kh2
Be7 28. f3 Bc5 29. Ne3 h5 30. g4 hxg4 31. hxg4 Rd3 32. Kg2 Bd7 33. Rxe6 Bxe6
34. Nf1 b4 35. Be3 bxc3 36. bxc3 Ba3 37. Bd2 Bb2 38. Re3 Rd6 39. Re2 Ba1 40.
Be1 Rd1 41. Kf2 Rc1 42. Re3 f5 43. exf5 gxf5 44. gxf5 Bxf5 45. Rxe5 Bd3 46. Re3
Rc2+ 47. Kg1 Kg6 48. Nd2 Kf5 49. Nxc4 Bxc4 50. Re4 Bd5 51. Ra4 Bb2 52. Ra5 Ke6
53. Ra6+ Kd7 54. Ra5 Kc6 55. Ra6+ Kb5 56. Rf6 Re2 57. Bf2 Bxc3 58. Rf8 Kc4 59.
Kf1 Ra2 60. Be1 Bd4 61. Rf4 Kd3 62. Bg3 Ke3 63. Rf8 Bxf3 64. Re8+ Be4 65. Rb8
Ra1+ 66. Be1 Bd3+ 67. Kg1 Rxe1+ 68. Kh2 Be5+ 69. Kh3 Bxb8 70. Kh4 Kf4 71. Kh5
Kf5 72. Kh6 Kf6 73. Kh5 Be2+ 74. Kh4 Rh1# 0-1